| 000 | 00719nam a2200145 4500 | ||
|---|---|---|---|
| 008 | 708 P152s | ||
| 020 | _a9788417434007 | ||
| 082 |
_a708 _bP152s |
||
| 100 |
_aPaienwonsky, Raquel _96656 |
||
| 245 | _aSoy mi propio paisaje | ||
| 260 |
_aMadrid _bCentro Atlántico de Arte Moderno _c2018 |
||
| 300 |
_a157 p. _bill (col) _c24 x 18 cm |
||
| 505 |
_tPresentación _rOrlando Britto Jinorio _tAccesorios sintéticos, cuerpos infinitamente interconectados _rMiguel A. López _tRaquel Paiewonsky. Entre el cuerpo y el paisaje _rJosé Manuel Noceda Fernández _tObras expuestas _tBiografía _tCréditos y agradecimientos |
||
| 650 |
_xarte contemporáneo _xexhibiciones _xidentidad femenina _xescultura _xfotografía _xRepública Dominicana _96657 |
||
| 999 |
_c1608 _d1608 |
||